Statistics for Heaviest US Presidents

Click here to take the quiz!

General Stats

  • This quiz has been taken 65 times
  • The average score is 5 of 7

Answer Stats

WeightPresident% Correct
239 lbsDonald J. Trump
93%
340 lbsWilliam H. Taft
82%
210 lbsTheodore Roosevelt
74%
260 lbsGrover Cleveland
62%
200 lbsLyndon B. Johnson
59%
223 lbsBill Clinton
57%
224 lbsChester A. Arthur
51%

Score Distribution

Percentile by Number Answered

Percent of People with Each Score

Your Score History

You have not taken this quiz